Canadian Airport Codes - Statistics

General Stats
  • This quiz has been taken 440 times
  • The average score is 18 of 40
Answer Stats
IATA Code City % Correct
YYC Calgary
95%
YYZ Toronto
95%
YUL Montreal
93%
YVR Vancouver
91%
YEG Edmonton
90%
YOW Ottawa
87%
YQB Quebec City
85%
YWG Winnipeg
81%
YHZ Halifax
78%
YSJ Saint John
73%
YYT St. John's
73%
YQR Regina
71%
YXE Saskatoon
70%
YYJ Victoria
65%
YZF Yellowknife
64%
YQT Thunder Bay
57%
YXY Whitehorse
57%
YXU London
51%
YFC Fredericton
49%
YYG Charlottetown
48%
YQM Moncton
43%
YLW Kelowna
41%
YMM Fort McMurray
28%
YKA Kamloops
28%
YXS Prince George
21%
YCD Nanaimo
20%
YQY Sydney
20%
YXH Medicine Hat
19%
YQL Lethbridge
17%
YPR Prince Rupert
14%
YDF Deer Lake
13%
YTZ Toronto City
13%
YQU Grande Prairie
8%
YXC Cranbrook
6%
YXJ Fort St. John
6%
YYF Penticton
6%
YCG Castlegar
5%
YXT Terrace
4%
YZP Sandspit
1%
YYD Smithers
1%
No matching quizzes found
Score Distribution
Percent of People with Each Score
Percentile by Number Answered
Your Score History
You have not taken this quiz